BIOCHEMISTRY AND BIOTECHNOLOGY: A LABORATORY MANUAL (Record no. 216156)

MARC details
000 -LEADER
fixed length control field 00448nam a22001577a 4500
008 - FIXED-LENGTH DATA ELEMENTS--GENERAL INFORMATION
fixed length control field 251110b |||||||| |||| 00| 0 eng d
020 ## - INTERNATIONAL STANDARD BOOK NUMBER
International Standard Book Number 979-8-88715-086-4
100 ## - MAIN ENTRY--PERSONAL NAME
Personal name CARTER, ROBIN
245 ## - TITLE STATEMENT
Title BIOCHEMISTRY AND BIOTECHNOLOGY: A LABORATORY MANUAL
260 ## - PUBLICATION, DISTRIBUTION, ETC.
Place of publication, distribution, etc. DUBLIN
Name of publisher, distributor, etc. ORYSON PRESS
Date of publication, distribution, etc. 2023
300 ## - PHYSICAL DESCRIPTION
Extent VI, 287P.
500 ## - GENERAL NOTE
General note INCLUDES INDEX
650 ## - SUBJECT ADDED ENTRY
Topical term or geographic name entry element 1, BIOTECHNOLOGY -LABORATORY MANUAL
942 ## - ADDED ENTRY ELEMENTS (KOHA)
Source of classification or shelving scheme Library of Congress Classification
Koha item type Long Loan Book
Holdings
Withdrawn status Lost status Source of classification or shelving scheme Damaged status Not for loan Home library Current library Date acquired Inventory number Total checkouts Full call number Barcode Date last seen Copy number Price effective from Koha item type
    Library of Congress Classification     Kisii University Library Kisii University Library 11/10/2025 109673   QP 514.2. C37 000000018087 11/10/2025 C.1 11/10/2025 Long Loan Book
    Library of Congress Classification     Kisii University Library Kisii University Library 11/10/2025 109674   QP 514.2. C37 000000018088 11/10/2025 C.2 11/10/2025 Long Loan Book
    Library of Congress Classification     Kisii University Library Kisii University Library 11/10/2025 109675   QP 514.2. C37 000000018089 11/10/2025 C.3 11/10/2025 Long Loan Book
    Library of Congress Classification     Kisii University Library Kisii University Library 11/10/2025 109676   QP 514.2. C37 000000018090 11/10/2025 C.4 11/10/2025 Long Loan Book